हिंदी रामकाव्य का स्वरुप और विकास (Record no. 29506)
[ view plain ]
| 000 -LEADER | |
|---|---|
| fixed length control field | 01000nam a22002057a 4500 |
| 003 - CONTROL NUMBER IDENTIFIER | |
| control field | OSt |
| 005 - DATE AND TIME OF LATEST TRANSACTION | |
| control field | 20260526115528.0 |
| 008 - FIXED-LENGTH DATA ELEMENTS--GENERAL INFORMATION | |
| fixed length control field | 260526b |||||||| |||| 00| 0 eng d |
| 020 ## - INTERNATIONAL STANDARD BOOK NUMBER | |
| International Standard Book Number | 9789357759304 |
| 082 ## - DEWEY DECIMAL CLASSIFICATION NUMBER | |
| Classification number | 891.4309 |
| Item number | M27H |
| 100 ## - MAIN ENTRY--PERSONAL NAME | |
| Personal name | माहेश्वरी, प्रेमचंद्र |
| 245 ## - TITLE STATEMENT | |
| Title | हिंदी रामकाव्य का स्वरुप और विकास |
| Remainder of title | : बदलते युगबोध के परिप्रेक्ष्य में |
| Statement of responsibility, etc | by माहेश्वरी प्रेमचंद्र |
| 260 ## - PUBLICATION, DISTRIBUTION, ETC. (IMPRINT) | |
| Place of publication, distribution, etc | नई दिल्ली |
| Name of publisher, distributor, etc | लेखश्री पब्लिकेशन |
| Date of publication, distribution, etc | 2023 |
| 300 ## - PHYSICAL DESCRIPTION | |
| Extent | 368p. |
| Other physical details | Hardback |
| 546 ## - LANGUAGE NOTE | |
| Language note | Hindi |
| 650 ## - SUBJECT ADDED ENTRY--TOPICAL TERM | |
| Source of heading or term | हिंदी कविता -- इतिहास और आलोचना |
| 650 ## - SUBJECT ADDED ENTRY--TOPICAL TERM | |
| Source of heading or term | हिंदी कविता -- रामभक्ति शाखा |
| 650 ## - SUBJECT ADDED ENTRY--TOPICAL TERM | |
| Source of heading or term | हिंदी साहित्य में रामायण |
| 942 ## - ADDED ENTRY ELEMENTS (KOHA) | |
| Source of classification or shelving scheme | Dewey Decimal Classification |
| Koha item type | Books |
| Withdrawn status | Lost status | Source of classification or shelving scheme | Damaged status | Not for loan | Collection code | Home library | Current library | Department | Date acquired | Source of acquisition | Cost, normal purchase price | Inventory number(Invoice/Date) | Total Checkouts | Full call number | Barcode | Checked out | Date last seen | Date checked out | Price effective from | Koha item type |
|---|---|---|---|---|---|---|---|---|---|---|---|---|---|---|---|---|---|---|---|---|
| Dewey Decimal Classification | General Text Book | Central University Of Rajasthan | Central University Of Rajasthan | Hindi | 26/05/2026 | Metro | 2000.00 | 3891/05-03-2026 | 1 | 891.4309 M27H | 049050 | 03/07/2026 | 03/06/2026 | 03/06/2026 | 26/05/2026 | Books |
